Cortana’s Speech from Halo 5: Guardians - Statistics

General Stats
  • This quiz has been taken 5 times
  • The average score is 36 of 116
Answer Stats
Word % Correct
A
80%
All
80%
The
80%
You
80%
You,
80%
Created
60%
Galaxy,
60%
Hear.
60%
Humanity.
60%
In
60%
Jiralhanae.
60%
Kig-Yar.
60%
Of
60%
Sangheli.
60%
San’Shyuum.
60%
Unggoy.
60%
We
60%
Who
60%
Will
60%
Are
40%
Be
40%
Creatures
40%
Living
40%
Take
40%
This.
40%
Those
40%
When
40%
Yonhet.
40%
And
20%
By
20%
Come
20%
Great
20%
Have
20%
Hunger,
20%
It
20%
Know
20%
Know.
20%
May
20%
Message.
20%
No
20%
Not
20%
Offer
20%
Our
20%
Pain.
20%
Refuse
20%
Serve
20%
There
20%
To
20%
Your
20%
As
0%
Beneath
0%
Blossom.
0%
Burn
0%
Cling
0%
Consume
0%
For
0%
Gone,
0%
Hot
0%
However,
0%
Image.
0%
Impervious
0%
Intelligence
0%
Lead
0%
Listen
0%
Longer
0%
Luminous
0%
Nor
0%
Old
0%
Own
0%
Prosper.
0%
Remains,
0%
Remake
0%
Shall
0%
Shelter
0%
Strength
0%
Struck
0%
Sun
0%
That
0%
Their
0%
Towards
0%
Ways…
0%
Weapons.
0%
Which
0%
Wrath.
0%
No matching quizzes found
Score Distribution
Percent of People with Each Score
Percentile by Number Answered
Your Score History
You have not taken this quiz